| 000 | 01009cam a2200301 a 4500 | ||
|---|---|---|---|
| 001 | 12690931 | ||
| 003 | OSt | ||
| 005 | 20230602095800.0 | ||
| 008 | 011019s2001 ke a b 001 0beng | ||
| 010 | _a 2001311966 | ||
| 020 | _a9966971017 | ||
| 035 | _a(DLC) 2001311966 | ||
| 040 |
_aDLC _cDLC _dDLC |
||
| 042 | _alcode | ||
| 043 | _af-ke--- | ||
| 082 | 0 | 0 |
_a283.092 _aB _221 _bMUS |
| 100 | 1 | _aMusalia, Martha Wangari. | |
| 245 | 1 | 0 |
_aArchbishop Manasses Kuria : _ba biography : strong in the storms / _cMartha Wangari Musalia. |
| 260 |
_aNairobi, Kenya : _bCana Pub., _c2001. |
||
| 300 |
_a120 p. : _bill. ; _c21 cm. |
||
| 504 | _aIncludes bibliographical references (p. [114]-115) and index. | ||
| 600 | 1 | 0 |
_aKuria, Manasses, _d1929- |
| 610 | 2 | 0 |
_aChurch of the Province of Kenya _xBishops _vBiography. |
| 650 | 0 |
_aAnglican Communion _zKenya _xBishops _vBiography. |
|
| 906 |
_a7 _bcbc _corigode _d2 _encip _f20 _gy-gencatlg |
||
| 942 |
_2ddc _cBK |
||
| 999 |
_c41 _d41 |
||